Celoživotní sprievodcovia

Bibliographic Details
Main Author: Zeljenka, Ilja, 1932-2007 (Author)
Format: Article
Language:Slovak
PhysicalDescription:Fotogr.
ISSN:1336-5584
Subjects:

MARC

LEADER 00000nab a2200000 a 4500
001 vtls008187817
003 SK-MaSNL
005 20260304015102.0
008 050803c2004 xo mr|p|||||||000 b|slo
015 |a SNBRB2005/08  |2 snkbucl 
038 |a SNKBUCL 
040 |a SNKBUCL  |b slo  |c SNKBUCL  |e AACR2 
041 0 |a slo 
044 |a xo  |c SK 
080 |a 78.071.1:028  |2 UDC-MRF-SK2 
080 |a 028  |2 UDC-MRF-SK2 
100 1 |a Zeljenka, Ilja,  |d 1932-2007   |4 aut  |9 18972 
245 1 0 |a Celoživotní sprievodcovia  |c Ilja Zeljenka 
300 |b Fotogr. 
600 1 7 |a Zeljenka, Ilja,  |d 1932-2007  |2 snkbucl  |9 18972 
773 0 |t Knihy a spoločnosť  |g Roč. 1, september (2004), s. 16  |x 1336-5584 
852 |a SNK  |b KIS3GCP 
999 |c 2589561  |d 2591491